[Event "33.Schlosspark-Open"]
[Site "Wiesbaden-Biebrich"]
[Date "2024.08.23"]
[Round "3.58"]
[White "Pradeep, Harshill"]
[Black "Lüders, Eric"]
[Result "1-0"]
[WhiteElo "1905"]
[BlackElo "1707"]
[PlyCount "35"]
[EventDate "2024.08.22"]
[WhiteTeam "SK Bickenbach"]
[BlackTeam "SF Hünstetten"]

1. e4 c6 2. d4 d5 3. f3 Qb6 4. Nc3 dxe4 5. fxe4 e5 6. dxe5 Bc5 7. Nf3 Bg4 8. Bc4 Nd7 9. Bxf7+ Kxf7 10. Ng5+ Ke8 11. Qxg4 Bf2+ 12. Kf1 Ne7 13. Bf4 Rf8 14. Ne6 Rf7 15. Nxg7+ Kd8 16. Rd1 Bd4 17. Rxd4 Qxd4 18. Ne6+ 1-0

[Event "33.Schlosspark-Open"]
[Site "Wiesbaden-Biebrich"]
[Date "2024.08.23"]
[Round "3.59"]
[White "Berberich, Christoph"]
[Black "Gärtner, David"]
[Result "1/2-1/2"]
[WhiteElo "1904"]
[BlackElo "1661"]
[PlyCount "54"]
[EventDate "2024.08.22"]
[WhiteTeam "SK Freiburg-Zähringen 1887 e.V."]
[BlackTeam "Sfr.Mainz 1928"]

1. d4 d5 2. Nf3 Nf6 3. e3 Bf5 4. c4 c6 5. Nc3 e6 6. Bd2 Bd6 7. Rc1 O-O 8. Be2 h6 9. O-O Nbd7 10. Nh4 Bh7 11. g3 Ne4 12. Nxe4 Bxe4 13. f3 Bh7 14. Qb3 Qc7 15. f4 Nf6 16. Nf3 Ne4 17. Bb4 Bxb4 18. Qxb4 dxc4 19. Bxc4 Rfd8 20. Ne5 Nd6 21. Bd3 Bxd3 22. Nxd3 Nf5 23. Kf2 Rac8 24. Rc3 Nd6 25. Kf3 a5 26. Qb3 Nf5 27. g4 Nd6 1/2-1/2

[Event "33.Schlosspark-Open"]
[Site "Wiesbaden-Biebrich"]
[Date "2024.08.23"]
[Round "3.60"]
[White "Stojanoski, Stefan"]
[Black "Guddat, Jörn"]
[Result "0-1"]
[WhiteElo "1587"]
[BlackElo "1890"]
[PlyCount "134"]
[EventDate "2024.08.22"]
[WhiteTeam "SAbt TuS Makkabi Ffm"]
[BlackTeam "SV Eichlinghofen 1935"]

1. e4 e6 2. d4 d5 3. Nc3 Bb4 4. Qd3 dxe4 5. Qxe4 Nf6 6. Qd3 Nc6 7. Nf3 h6 8. Be2 O-O 9. O-O Bxc3 10. Qxc3 Nd5 11. Qd2 Qe7 12. c4 Nf6 13. b3 Rd8 14. Bb2 b6 15. Rad1 Bb7 16. Bc3 Ne4 17. Qd3 Nxc3 18. Qxc3 Qf6 19. Qe3 Ne7 20. Ne5 Nf5 21. Qc1 Nxd4 22. Qe3 Nxe2+ 23. Qxe2 c5 24. Rd7 Rxd7 25. Nxd7 Qg5 26. f3 Rd8 27. f4 Qe7 28. Ne5 Qd6 29. Qh5 Qe7 30. Rf2 Qf6 31. Qe2 Rd4 32. Nd3 Qf5 33. Qe5 Qxe5 34. Nxe5 Rd1+ 35. Rf1 Rxf1+ 36. Kxf1 Be4 37. a3 f6 38. Ng4 Bc2 39. Ke2 Bxb3 40. Kd3 Kf7 41. Ne3 Ba4 42. Kc3 Bc6 43. g3 e5 44. fxe5 fxe5 45. Ng4 Ke6 46. Ne3 h5 47. h4 Kf6 48. Kb3 g5 49. Kc3 gxh4 50. gxh4 e4 51. Kd2 Ke5 52. Ke2 Kd4 53. Kd2 Bd7 54. Nd5 Bg4 55. Nf6 Bf3 56. Nd5 Kxc4 57. Ne3+ Kb3 58. Nc2 b5 59. Kc1 a5 60. Kb1 b4 61. axb4 axb4 62. Na1+ Kc3 63. Nc2 Kd2 64. Na1 e3 65. Nb3+ Kd1 66. Nxc5 e2 67. Nd3 Be4 0-1

[Event "33.Schlosspark-Open"]
[Site "Wiesbaden-Biebrich"]
[Date "2024.08.23"]
[Round "3.61"]
[White "Kolker, Vladislav"]
[Black "Shanmuganathan, Adhav"]
[Result "1/2-1/2"]
[WhiteElo "1886"]
[BlackElo "1590"]
[PlyCount "47"]
[EventDate "2024.08.22"]
[WhiteTeam "SC Bad Nauheim"]
[BlackTeam "SV 1934 Ffm-Griesheim"]

1. e4 e5 2. f4 exf4 3. Nf3 Be7 4. Bc4 Bh4+ 5. Kf1 Nc6 6. d4 d6 7. Bxf4 Bg4 8. c3 Bf6 9. Nbd2 Nge7 10. Kf2 Ng6 11. Bg3 O-O 12. Re1 Qd7 13. Nf1 Nh4 14. N1d2 Rae8 15. Qc2 Ng6 16. Bb5 Nxd4 17. Bxd7 Nxc2 18. Bxe8 Rxe8 19. Rac1 Nxe1 20. Rxe1 Ne5 21. Nxe5 Bxe5 22. Bxe5 Rxe5 23. Nc4 Re6 24. e5 1/2-1/2

[Event "33.Schlosspark-Open"]
[Site "Wiesbaden-Biebrich"]
[Date "2024.08.23"]
[Round "3.62"]
[White "Kail, Sindy"]
[Black "Milman, Sophie"]
[Result "1/2-1/2"]
[WhiteElo "1879"]
[BlackElo "1574"]
[PlyCount "36"]
[EventDate "2024.08.22"]
[WhiteTeam "SK 1925 Großwallstadt"]
[BlackTeam "VSG 1880 Offenbach"]

1. e4 e5 2. Nf3 Nc6 3. d4 exd4 4. Bc4 Bb4+ 5. Bd2 Bxd2+ 6. Nbxd2 Nge7 7. Nb3 d5 8. exd5 Nxd5 9. O-O O-O 10. Nbxd4 Nxd4 11. Qxd4 Nb6 12. Qc3 Nxc4 13. Qxc4 Be6 14. Qf4 c6 15. Nd4 Qd5 16. Nxe6 Qxe6 17. Rfe1 Qd5 18. c4 Qc5 1/2-1/2

[Event "33.Schlosspark-Open"]
[Site "Wiesbaden-Biebrich"]
[Date "2024.08.23"]
[Round "3.63"]
[White "Liu, Jonas"]
[Black "Frömbgen, Andreas"]
[Result "0-1"]
[WhiteElo "1551"]
[BlackElo "1874"]
[PlyCount "72"]
[EventDate "2024.08.22"]
[WhiteTeam "SV Oberursel"]
[BlackTeam "SK Gau-Algesheim"]

1. e4 c5 2. c3 Nf6 3. e5 Nd5 4. Nf3 Nc6 5. Bc4 e6 6. O-O Be7 7. d4 cxd4 8. cxd4 Nb6 9. Bd3 O-O 10. Qe2 Nb4 11. Be4 N4d5 12. Nc3 d6 13. Bd3 dxe5 14. dxe5 Nxc3 15. bxc3 Qc7 16. Bd2 Bd7 17. Ng5 g6 18. h4 Bc6 19. h5 Nd7 20. hxg6 hxg6 21. Rae1 Kg7 22. Bf4 Rh8 23. Qg4 Bxg5 24. Qxg5 Rh5 25. Qg3 Rah8 26. f3 Qb6+ 27. Be3 Rh1+ 28. Kf2 Qb2+ 29. Be2 Rxf1+ 30. Rxf1 Bb5 31. Re1 Bxe2 32. Rxe2 Qxc3 33. Bg5 Qd4+ 34. Be3 Qa1 35. Rd2 Rh1 36. Bd4 Qe1# 0-1

[Event "33.Schlosspark-Open"]
[Site "Wiesbaden-Biebrich"]
[Date "2024.08.23"]
[Round "3.65"]
[White "Reiß, Peter"]
[Black "Hauptmann, Thomas"]
[Result "1/2-1/2"]
[WhiteElo "1728"]
[BlackElo "1984"]
[PlyCount "57"]
[EventDate "2024.08.22"]
[WhiteTeam "SV Multatuli Ingelheim e.V."]
[BlackTeam "Fischer Z"]

1. d4 f5 2. g3 Nf6 3. Bg2 e6 4. Nf3 Be7 5. c4 O-O 6. O-O d6 7. Nc3 a5 8. b3 Ne4 9. Bb2 Nxc3 10. Bxc3 c6 11. Qc2 Nd7 12. e4 Nf6 13. exf5 exf5 14. Rfe1 Ne4 15. Nd2 Nxc3 16. Qxc3 Bf6 17. Nf3 Bd7 18. Qd2 Qc7 19. Rad1 Rae8 20. d5 c5 21. Rxe8 Rxe8 22. Re1 g6 23. Rxe8+ Bxe8 24. Qe3 Qe7 25. Qxe7 Bxe7 26. h4 Bd7 27. Bf1 h6 28. Bd3 Kg7 29. Kf1 1/2-1/2

[Event "33.Schlosspark-Open"]
[Site "Wiesbaden-Biebrich"]
[Date "2024.08.23"]
[Round "3.66"]
[White "Guddat, Fabian"]
[Black "Cichon, Jörg"]
[Result "1/2-1/2"]
[WhiteElo "1698"]
[BlackElo "1818"]
[PlyCount "54"]
[EventDate "2024.08.22"]
[WhiteTeam "Bochum"]
[BlackTeam "Sfr.Mainz 1928"]

1. d4 e6 2. c4 f5 3. Nc3 Nf6 4. Nf3 Be7 5. e3 d6 6. Bd3 O-O 7. O-O c6 8. a3 Bd7 9. b4 d5 10. Ne2 Bd6 11. c5 Bc7 12. Nf4 Ne4 13. Ne5 Qe7 14. f3 Bxe5 15. dxe5 Ng5 16. Qe1 Nf7 17. Bb2 Qd8 18. Nh3 Ng5 19. Qg3 Nxh3+ 20. Qxh3 Qg5 21. Bd4 Be8 22. g4 Bg6 23. Be2 f4 24. exf4 Qxf4 25. Bf2 Qxe5 26. Rfe1 Qf6 27. Bh4 Qf4 1/2-1/2

[Event "33.Schlosspark-Open"]
[Site "Wiesbaden-Biebrich"]
[Date "2024.08.23"]
[Round "3.67"]
[White "Brauch, Manfred"]
[Black "Boscher, Hans"]
[Result "1/2-1/2"]
[WhiteElo "1816"]
[BlackElo "1724"]
[PlyCount "39"]
[EventDate "2024.08.22"]
[WhiteTeam "SG Pieroth/Burg Layen"]
[BlackTeam "SC Bad Soden"]

1. f4 d5 2. Nf3 Nf6 3. g3 g6 4. Bg2 Bg7 5. O-O O-O 6. d3 c5 7. e3 Nc6 8. Nbd2 Qc7 9. c3 b6 10. Qc2 Bb7 11. Re1 Rac8 12. e4 dxe4 13. dxe4 e5 14. f5 Rfe8 15. h3 gxf5 16. Nh4 Ne7 17. exf5 Bxg2 18. Kxg2 Ned5 19. Ne4 Qc6 20. Kh2 1/2-1/2

[Event "33.Schlosspark-Open"]
[Site "Wiesbaden-Biebrich"]
[Date "2024.08.23"]
[Round "3.68"]
[White "Feick, Claas Marten"]
[Black "Machwirth, Ernst"]
[Result "1-0"]
[WhiteElo "1811"]
[BlackElo "1638"]
[PlyCount "131"]
[EventDate "2024.08.22"]
[WhiteTeam "SF Neuberg"]
[BlackTeam "Sfr Stiller Zug Wiesbaden"]

1. e4 d5 2. exd5 Qxd5 3. Nc3 Qe5+ 4. Be2 c6 5. d4 Qc7 6. Be3 e6 7. Qd2 Bb4 8. a3 Bxc3 9. bxc3 Ne7 10. Bf4 Qa5 11. Nf3 Nd5 12. c4 Qxd2+ 13. Bxd2 Ne7 14. O-O O-O 15. Bb4 Re8 16. Bd3 h6 17. Rfe1 a5 18. Bxe7 Rxe7 19. d5 c5 20. Rad1 Ra6 21. c3 Kf8 22. Bc2 a4 23. Ne5 Nd7 24. d6 Re8 25. f4 Rd8 26. Rd2 f6 27. Ng6+ Kf7 28. Ne7 Nb6 29. Nxc8 Nxc8 30. f5 e5 31. Be4 Raxd6 32. Rxd6 Nxd6 33. Rd1 Ke7 34. Bd5 Nxc4 35. Bf3 Rxd1+ 36. Bxd1 Nb2 37. Bf3 b6 38. Bd5 Kd6 39. Bf7 c4 40. Kf2 b5 41. Ke2 Kc5 42. Kd2 e4 43. Bh5 Nd3 44. g3 Ne5 45. Ke3 Kd5 46. Be8 Ng4+ 47. Ke2 Kc5 48. h3 Ne5 49. Ke3 Nf3 50. Bd7 h5 51. h4 Nh2 52. Ke2 Kb6 53. Be8 Ng4 54. Bxh5 Ne5 55. Ke3 Nd3 56. Kxe4 Kc5 57. Be2 Nc1 58. Ke3 Kd5 59. Bf3+ Ke5 60. Bc6 Na2 61. Kd2 Kxf5 62. Bxb5 Kg4 63. Bxc4 Nxc3 64. Kxc3 Kxg3 65. h5 f5 66. Kb4 1-0

[Event "33.Schlosspark-Open"]
[Site "Wiesbaden-Biebrich"]
[Date "2024.08.23"]
[Round "3.70"]
[White "van Bömmel, Philipp"]
[Black "Kanagaraj, Aarav"]
[Result "1-0"]
[WhiteElo "1800"]
[BlackElo "1636"]
[PlyCount "65"]
[EventDate "2024.08.22"]
[WhiteTeam "SC 1979 Hattersheim"]
[BlackTeam "TSV Schott Mainz"]

1. Nf3 Nf6 2. g3 g6 3. Bg2 Bg7 4. d3 O-O 5. O-O d5 6. Nbd2 c5 7. e4 e6 8. Re1 Nc6 9. c3 b6 10. e5 Nd7 11. d4 c4 12. b3 b5 13. a4 Qb6 14. axb5 Qxb5 15. bxc4 dxc4 16. Ba3 Rd8 17. Ng5 Bb7 18. Nde4 Ndxe5 19. Nd6 Rxd6 20. Bxd6 Nd3 21. Ne4 Nxe1 22. Qxe1 Na5 23. Bb4 Nb3 24. Nd6 Qb6 25. Bxb7 Rd8 26. Ra6 Qc7 27. Rc6 Qd7 28. Qe2 Bf8 29. Qxc4 Bxd6 30. Rxd6 Qxd6 31. Bxd6 Na5 32. Qc7 Nxb7 33. Qxb7 1-0

[Event "33.Schlosspark-Open"]
[Site "Wiesbaden-Biebrich"]
[Date "2024.08.23"]
[Round "3.71"]
[White "Denninger, David"]
[Black "Bährle, Julius"]
[Result "1/2-1/2"]
[WhiteElo "1787"]
[BlackElo "1603"]
[PlyCount "39"]
[EventDate "2024.08.22"]
[WhiteTeam "SC JÄKLECHEMIE Talente Franken e"]
[BlackTeam "Sfr Stiller Zug Wiesbaden"]

1. Nf3 Nf6 2. c4 g6 3. b3 Bg7 4. Bb2 c5 5. g3 b6 6. Bg2 Bb7 7. O-O O-O 8. Na3 Nc6 9. Nc2 e6 10. d4 d5 11. dxc5 dxc4 12. bxc4 Qxd1 13. Raxd1 bxc5 14. Bxf6 Bxf6 15. Rd7 Ba6 16. Rd6 Bb7 17. h4 Rad8 18. Rdd1 Rxd1 19. Rxd1 Rd8 20. Rxd8+ 1/2-1/2

[Event "33.Schlosspark-Open"]
[Site "Wiesbaden-Biebrich"]
[Date "2024.08.23"]
[Round "3.72"]
[White "Will, Elina"]
[Black "Eckert, Michael"]
[Result "1-0"]
[WhiteElo "1596"]
[BlackElo "1765"]
[PlyCount "150"]
[EventDate "2024.08.22"]
[WhiteTeam "TuS Makkabi Wiesbaden"]
[BlackTeam "SK Herborn 1946"]

1. e4 e5 2. Nf3 Nc6 3. c3 d5 4. Bd3 Nf6 5. Qe2 Bd6 6. Bc2 O-O 7. exd5 Nxd5 8. Qe4 Nf6 9. Qh4 Re8 10. O-O e4 11. Ne1 Bf5 12. f3 Bg6 13. fxe4 Bxe4 14. d3 Bg6 15. Bg5 Be7 16. d4 Bxc2 17. Nxc2 h6 18. Bxf6 Bxf6 19. Qf2 Ne7 20. Nd2 Ng6 21. Ne3 Qd7 22. Qf3 Bg5 23. Rae1 Rad8 24. Nb3 Bxe3+ 25. Rxe3 Rxe3 26. Qxe3 Re8 27. Qf3 c6 28. h3 Re7 29. Nc5 Qe8 30. Rf2 Re3 31. Qg4 Re1+ 32. Kh2 b6 33. Nb3 Re4 34. Qf3 Qe6 35. Kg1 a5 36. Nc1 Re3 37. Re2 Rxf3 38. Rxe6 fxe6 39. gxf3 e5 40. Ne2 Nf4 41. Nxf4 exf4 42. Kf2 Kf7 43. b3 Kf6 44. a3 g5 45. b4 axb4 46. axb4 b5 47. Ke2 Ke6 48. Kd2 Kd5 49. Kd3 h5 50. Kd2 Kc4 51. Kc2 g4 52. fxg4 hxg4 53. hxg4 Kd5 54. Kd3 f3 55. Ke3 f2 56. Kxf2 Ke4 57. Kg3 Kd3 58. g5 Kxc3 59. g6 Kxb4 60. g7 Kc3 61. g8=Q Kxd4 62. Kf3 Kd3 63. Kf2 Kd4 64. Ke2 Kc3 65. Qg3+ Kb2 66. Kd2 b4 67. Qd3 b3 68. Qc4 Ka2 69. Qc5 b2 70. Qa5+ Kb1 71. Kc3 Kc1 72. Qg5+ Kb1 73. Kb3 Ka1 74. Qa5+ Kb1 75. Qa2+ Kc1 1-0

[Event "33.Schlosspark-Open"]
[Site "Wiesbaden-Biebrich"]
[Date "2024.08.23"]
[Round "3.75"]
[White "Schmitz, Bernhard Hubert"]
[Black "Wunschik, Joachim"]
[Result "0-1"]
[WhiteElo "1659"]
[BlackElo "1879"]
[PlyCount "38"]
[EventDate "2024.08.22"]
[WhiteTeam "Vorw.Orient Mainz"]
[BlackTeam "SV Rüsselsheim 1929"]

1. d4 f5 2. g3 Nf6 3. Bg2 d5 4. Nc3 e6 5. f3 Nc6 6. e3 Be7 7. Nge2 O-O 8. O-O Bb4 9. a3 Ba5 10. b4 Bb6 11. b5 Na5 12. e4 dxe4 13. fxe4 c6 14. Qd3 cxb5 15. Nxb5 Nxe4 16. Bxe4 fxe4 17. Rxf8+ Qxf8 18. Qxe4 Bd7 19. c4 Nxc4 0-1

[Event "33.Schlosspark-Open"]
[Site "Wiesbaden-Biebrich"]
[Date "2024.08.23"]
[Round "3.76"]
[White "Felten, Pascal"]
[Black "Busch, Malte"]
[Result "0-1"]
[WhiteElo "1649"]
[BlackElo "1875"]
[PlyCount "66"]
[EventDate "2024.08.22"]
[WhiteTeam "Bochum"]
[BlackTeam "SC 1979 Hattersheim"]

1. e4 Nf6 2. e5 Nd5 3. d4 d6 4. c4 Nb6 5. f4 dxe5 6. fxe5 Nc6 7. Be3 Bf5 8. a3 a5 9. Nc3 e6 10. c5 Nd5 11. Nxd5 Qxd5 12. Nf3 Qe4 13. Qe2 Be7 14. Bf2 f6 15. Qxe4 Bxe4 16. Bb5 O-O 17. exf6 Bxf6 18. Rd1 Rad8 19. Bxc6 Bxc6 20. O-O Bxf3 21. gxf3 Rd5 22. Rd3 Rfd8 23. Rb3 Rg5+ 24. Kh1 Bxd4 25. Bxd4 Rxd4 26. Rxb7 Rd2 27. Rxc7 Rgg2 28. Re1 Rxh2+ 29. Kg1 Rhg2+ 30. Kh1 h5 31. Rd7 Rh2+ 32. Kg1 Rdg2+ 33. Kf1 h4 0-1

[Event "33.Schlosspark-Open"]
[Site "Wiesbaden-Biebrich"]
[Date "2024.08.23"]
[Round "3.77"]
[White "Vick, Edward"]
[Black "Meyer-Jany, Marcel"]
[Result "0-1"]
[WhiteElo "1640"]
[BlackElo "1825"]
[PlyCount "138"]
[EventDate "2024.08.22"]
[WhiteTeam "TuS Makkabi Wiesbaden"]
[BlackTeam "SK Herborn 1946"]

1. e4 c6 2. d4 d5 3. e5 Bf5 4. Bd3 Bxd3 5. Qxd3 e6 6. Nf3 Qa5+ 7. Bd2 Qa6 8. Qxa6 Nxa6 9. a3 c5 10. O-O Ne7 11. Nc3 cxd4 12. Nxd4 Nc6 13. Nxc6 bxc6 14. Ne2 c5 15. c4 Be7 16. b4 dxc4 17. Rfc1 Rd8 18. Be3 O-O 19. b5 Nc7 20. Rxc4 Nxb5 21. Bxc5 Bxc5 22. Rxc5 Nxa3 23. f4 Rd2 24. Kf2 Rd3 25. Nc1 Rd2+ 26. Kg3 Rc2 27. Rxc2 Nxc2 28. Rxa7 Nd4 29. Rd7 Nf5+ 30. Kf3 h5 31. h3 h4 32. Ne2 Ra8 33. Rd3 Ra1 34. Kf2 Ra2 35. Kf3 Kh7 36. g4 hxg3 37. Nxg3 Nh6 38. Ne4 Rh2 39. Ng5+ Kg6 40. Ke4 Re2+ 41. Kf3 Re1 42. Kf2 Ra1 43. Kg2 Kf5 44. Rd4 Ra2+ 45. Kg3 Kg6 46. Kf3 Ra1 47. Kg2 Ra3 48. Kh2 Ra2+ 49. Kg1 Kf5 50. Nf3 Kg6 51. Ng5 Kh5 52. Rd7 Kg6 53. Rd4 Ra5 54. Kg2 Rc5 55. Kf3 Rc7 56. Kg2 Nf5 57. Rb4 Rd7 58. Re4 Rd3 59. Nf3 Ne3+ 60. Kf2 Nd5 61. Kg2 Kf5 62. Re1 Nxf4+ 63. Kg3 Nxh3 64. Kg2 Nf4+ 65. Kf2 Ng6 66. Kg2 Kg4 67. Nh2+ Kf5 68. Nf3 Rd5 69. Nh4+ Nxh4+ 0-1

[Event "33.Schlosspark-Open"]
[Site "Wiesbaden-Biebrich"]
[Date "2024.08.23"]
[Round "3.78"]
[White "Reink, Geerhard"]
[Black "Wöhl, Torsten"]
[Result "1/2-1/2"]
[WhiteElo "1762"]
[BlackElo "1657"]
[PlyCount "28"]
[EventDate "2024.08.22"]
[WhiteTeam "Fischer Z"]
[BlackTeam "SC Groß-Zimmern"]

1. Nf3 e6 2. c4 Nf6 3. g3 d5 4. cxd5 Nxd5 5. Bg2 Be7 6. O-O O-O 7. d3 Nc6 8. Nbd2 Rb8 9. Ne4 Nf6 10. Nc3 a6 11. a3 Nd5 12. Nxd5 exd5 13. Bf4 Bd6 14. Bg5 Be7 1/2-1/2

[Event "33.Schlosspark-Open"]
[Site "Wiesbaden-Biebrich"]
[Date "2024.08.23"]
[Round "3.79"]
[White "Börsch, Dieter"]
[Black "Wernicke, Dieter"]
[Result "1-0"]
[WhiteElo "1760"]
[BlackElo "1641"]
[PlyCount "65"]
[EventDate "2024.08.22"]
[WhiteTeam "SK Bad Homburg 1927"]
[BlackTeam "SV Mainspitze Ginsheim"]

1. d4 c5 2. d5 d6 3. c4 e6 4. Nc3 Nf6 5. e4 exd5 6. cxd5 Be7 7. Bd3 O-O 8. Nge2 Nbd7 9. O-O Ne5 10. Bc2 Bd7 11. f4 Ng6 12. Ng3 Bg4 13. Qd3 Bd7 14. Bd2 Re8 15. a4 a6 16. Rae1 Qc7 17. h3 Bf8 18. Bd1 Qb6 19. Qc2 Qc7 20. Nh5 Be7 21. Ng3 b5 22. Be2 b4 23. Nd1 Qb6 24. Bc4 a5 25. b3 Qb8 26. Bc1 Qc8 27. Nf2 Qc7 28. Nd3 Bf8 29. Bb2 Bc8 30. e5 dxe5 31. fxe5 Nd7 32. d6 Qc6 33. Bxf7+ 1-0

[Event "33.Schlosspark-Open"]
[Site "Wiesbaden-Biebrich"]
[Date "2024.08.23"]
[Round "3.80"]
[White "Yozgyur, Ediz"]
[Black "Goodwin, David"]
[Result "1-0"]
[WhiteElo "1758"]
[BlackElo "1636"]
[PlyCount "39"]
[EventDate "2024.08.22"]
[WhiteTeam "Kreuznacher SV 1921 e.V."]
[BlackTeam "SV 1920 Kelsterbach"]

1. e4 g6 2. d4 Bg7 3. Nf3 d6 4. Nc3 Nd7 5. Bc4 Nb6 6. Bb3 e6 7. Be3 Ne7 8. Qd2 O-O 9. Bh6 d5 10. Bxg7 Kxg7 11. O-O-O Nc6 12. h4 h5 13. e5 Na5 14. Rdg1 Nxb3+ 15. cxb3 f6 16. g4 hxg4 17. Rxg4 Rh8 18. h5 g5 19. exf6+ Qxf6 20. Nxg5 1-0

[Event "33.Schlosspark-Open"]
[Site "Wiesbaden-Biebrich"]
[Date "2024.08.23"]
[Round "3.82"]
[White "Kappeler, Georg"]
[Black "Chen, Lilly"]
[Result "1-0"]
[WhiteElo "1737"]
[BlackElo "1603"]
[PlyCount "111"]
[EventDate "2024.08.22"]
[WhiteTeam "SK Marburg 1931/72"]
[BlackTeam "Sfr Stiller Zug Wiesbaden"]

1. e4 c5 2. b3 a6 3. Bb2 Nc6 4. g3 d6 5. Bg2 Nf6 6. Ne2 g6 7. O-O Bg7 8. d3 e5 9. h3 O-O 10. f4 Nd4 11. Nxd4 cxd4 12. f5 Nh5 13. Kh2 Qg5 14. Qf3 Qd8 15. Nd2 b5 16. Ba3 Bb7 17. Qe2 Qg5 18. Qf2 Rfd8 19. Nf3 Qf6 20. Bc1 h6 21. Qe2 gxf5 22. Nh4 f4 23. Qxh5 Qg5 24. Qxg5 hxg5 25. Nf5 Bf6 26. Ba3 d5 27. exd5 Bxd5 28. Bxd5 Rxd5 29. Ne7+ Bxe7 30. Bxe7 Rd7 31. Bxg5 Rc8 32. Rac1 fxg3+ 33. Kxg3 Rdc7 34. Rf2 Rc6 35. Bf6 Re6 36. Rf5 Rc5 37. b4 Rd5 38. Re1 Kh7 39. Rexe5 Rdxe5 40. Bxe5 Kg6 41. Kg4 f6 42. Bxd4 Rd6 43. Rxf6+ Rxf6 44. Bxf6 Kxf6 45. h4 Kg7 46. Kg5 Kh7 47. d4 Kg7 48. d5 Kf7 49. h5 Kg7 50. h6+ Kh8 51. Kg6 a5 52. bxa5 b4 53. a6 Kg8 54. h7+ Kh8 55. a7 b3 56. a8=Q# 1-0

[Event "33.Schlosspark-Open"]
[Site "Wiesbaden-Biebrich"]
[Date "2024.08.23"]
[Round "3.83"]
[White "Strache, Rolf"]
[Black "Winter, Victor"]
[Result "1-0"]
[WhiteElo "1714"]
[BlackElo "1603"]
[PlyCount "79"]
[EventDate "2024.08.22"]
[WhiteTeam "SK Herborn 1946"]
[BlackTeam "Rodgau"]

1. d4 d5 2. c4 e6 3. Nc3 Nf6 4. Bg5 Be7 5. e3 h6 6. Bh4 O-O 7. Nf3 Nc6 8. a3 a6 9. Bd3 dxc4 10. Bxc4 b5 11. Bd3 Bb7 12. O-O Rc8 13. b4 Nd5 14. Bxe7 Ncxe7 15. Rc1 Nxc3 16. Rxc3 Nd5 17. Rc1 f6 18. Nd2 e5 19. Nb3 exd4 20. Nxd4 Qd6 21. Bb1 c5 22. bxc5 Rxc5 23. Rxc5 Qxc5 24. Ne6 Qc6 25. Qg4 Qd7 26. Bf5 Re8 27. Nc5 Qc6 28. Nxb7 Qxb7 29. Rd1 Ne7 30. Bb1 Qc8 31. Ba2+ Kh8 32. Qb4 Qc2 33. Qd2 Qxd2 34. Rxd2 Rc8 35. h3 Rc3 36. Bf7 Rxa3 37. Rd7 Nc6 38. Bg6 Rd3 39. Rxd3 Ne5 40. Rd8# 1-0

[Event "33.Schlosspark-Open"]
[Site "Wiesbaden-Biebrich"]
[Date "2024.08.23"]
[Round "3.84"]
[White "Traut, Stefan"]
[Black "Senger, Raphaela"]
[Result "1-0"]
[WhiteElo "1713"]
[BlackElo "1547"]
[PlyCount "33"]
[EventDate "2024.08.22"]
[WhiteTeam "SF Heusenstamm"]
[BlackTeam "SF Fortuna Leipzig e."]

1. d4 Nf6 2. Nf3 d5 3. c4 e6 4. g3 c5 5. cxd5 Nxd5 6. Bg2 cxd4 7. Nxd4 Bb4+ 8. Bd2 Qb6 9. e3 Nc6 10. Nxc6 bxc6 11. O-O O-O 12. a3 Bxd2 13. Qxd2 Rb8 14. b4 Rd8 15. Rd1 Nxe3 16. Qxd8+ Qxd8 17. Rxd8# 1-0